000 02778cam a2200349 4500500
005 20260426025652.0
041 _afre
042 _adc
100 1 0 _aBessoles, Philippe
_eauthor
245 0 0 _aAgression sexuelle et fonction autocalmante
260 _c2005.
500 _a96
520 _aNotre proposition envisage l’agression sexuelle sur le modèle des conduites autocalmantes étudiées par M. Faim dès 1971. Alors que ces conduites sont référées au cadre des maladies graves somatiques et ont une visée anti traumatique, nous proposons l’hypothèse que ces processus sont à l’œuvre dans la criminalité sexuelle. L’apaisement de quantum d’excitabilité, la gestion d’angoisse de type agonique et anaclitique tendent à précipiter l’agresseur dans la spirale mortifère de la sérialité. Trois échecs majeurs dans la construction identitaire du criminel le rapprochent des enjeux de la psychose : l’échec de la satisfaction hallucinatoire et de la fantasmatisation, l’homo érotisme faisant de ses recours à l’acte des « scenarii opératoires » et des impasses de transitionnalité générant des espaces agglutinés et adhésifs victime/agresseur.
520 _aPhilippe Bessoles – Sexual Aggression and Self-Calming Functions. This article considers sexual aggression on the model of calming behaviour studied by M. Faim as early as 1971. While this behaviour is registered within the framework of serious somatic illnesses and is aimed at countering a trauma, we suggest that such processes are at work in sexual criminality. The appeasing of the excitability quantum, the management of anguish of agonic and anaclitic nature tend to send the criminal or rapist headlong into the death-dealing spiral of re-offending. Three major failures in the identity construction of the criminal make the risk of psychosis greater and greater : failure to obtain hallucinatory satisfaction or satisfaction in fantasies, homo-eroticism demanding ‘operational scenarios’and transitional dead ends creating strongly amalgamated and adhesive victim/attacker continuums.
690 _aAgression sexuelle
690 _aConduite autocalmante
690 _aHomo érotisme
690 _aPictogramme
690 _aProcessus originaires
690 _aSatisfaction hallucinatoire
690 _aVictime
690 _aCalming behaviour
690 _aHallucinatory satisfaction
690 _aHomo-eroticism
690 _aOriginating processes
690 _aPictogram
690 _aRe-offending
690 _aSexual aggression
690 _aVictim
786 0 _nTopique | 92 | 3 | 2005-09-01 | p. 127-140 | 0040-9375
856 4 1 _uhttps://shs.cairn.info/revue-topique-2005-3-page-127?lang=fr&redirect-ssocas=7080
999 _c2227628
_d2227628